[Event "IECG CP.2000.P.00076"]
[Site "IECG email"]
[Date "2000.10.01"]
[Round "?"]
[White "Gosme, Emile"]
[Black "Turro, Josep"]
[Result "1-0"]
[WhiteElo "1644"]
[BlackElo "800"]
[PlyCount "29"]
[EventDate "2000.10.01"]
[EventType "tourn (corr)"]
[EventRounds "6"]
[EventCountry "ARG"]
[SourceTitle "Corr 2008"]
[Source "ChessBase"]
[SourceDate "2008.06.24"]
[SourceVersion "1"]
[SourceVersionDate "2008.06.24"]
[SourceQuality "1"]

1. d4 d5 2. e4 dxe4 3. f3 e5 4. d5 Nf6 5. Bc4 Bb4+ 6. c3 Bc5 7. Bg5 c6 8. Qb3 0-0 9. fxe4 Qd6 10. Bxf6 Bxg1 11. Rxg1 Qxf6 12. Nd2 b5 13. Bd3 Bg4 14. Rf1 Qg5 15. Rf2 1-0